Historia de la cerámica de Talavera de la Reina y algunos datos sobre la de Puente del Arzobispo / (Record no. 150210)

MARC details
000 -LEADER
campo de control de longitud fija 00603nam a2200169 i 4500
001 - NÚMERO DE CONTROL
campo de control 150210
003 - IDENTIFICADOR DE NÚMERO DE CONTROL
campo de control ES-MaACL
005 - FECHA Y HORA DE LA ÚLTIMA TRANSACCIÓN
campo de control 20230906203424.0
007 - CAMPO FIJO DE DESCRIPCIÓN FÍSICA--INFORMACIÓN GENERAL
campo de control de longitud fija t|
008 - DATOS DE LONGITUD FIJA--INFORMACIÓN GENERAL
campo de control de longitud fija 071029s1943 sp ||||1| spa d
100 1# - ENTRADA PRINCIPAL--NOMBRE DE PERSONA
Nombre de persona Vaca González, Diodoro.
9 (RLIN) 112361
245 10 - MENCIÓN DEL TÍTULO
Título Historia de la cerámica de Talavera de la Reina y algunos datos sobre la de Puente del Arzobispo /
Mención de responsabilidad, etc. por Diodoro Vaca González y Juan Ruiz de Luna Rojas.
260 ## - PUBLICACIÓN, DISTRIBUCIÓN, ETC.
Lugar de publicación, distribución, etc. Madrid :
Nombre del editor, distribuidor, etc. Editora Nacional,
Fecha de publicación, distribución, etc. 1943.
300 ## - DESCRIPCIÓN FÍSICA
Extensión 328 p. :
Otras características físicas il. ;
Dimensiones 25 cm.
700 1# - ENTRADA AGREGADA--NOMBRE PERSONAL
Nombre de persona Ruiz de Luna Rojas, Juan.
9 (RLIN) 100761
852 ## - LOCALIZACIÓN
Ubicación ES-MaACL
Número de control de estantería E-2056
Sublocalización o colección R.23209
Holdings
Estatus retirado Estado de pérdida Estado de daño No para préstamo Biblioteca de origen Biblioteca actual Ubicación en estantería Fecha de adquisición Fuente de adquisición Total de préstamos Signatura topográfica completa Código de barras Visto por última vez Precio de reemplazo Tipo de ítem Koha
        Biblioteca del Ateneo de Madrid Biblioteca del Ateneo de Madrid Depósito 2 17/01/2008     E-2056 1156743 23/02/2023 23/02/2023 Libro impreso